000 00529nam a22001697a 4500
999 _c130226
_d130226
008 200130b ||||| |||| 00| 0 eng d
050 _aL. PR2894.R6313
100 _aRosignoli, Maria Pia
_949179
245 _aThe and times of Shakespeare
_cMaria Pia Rosignoli
260 _aLondon
_bPaul Hamlyn
_c1968
300 _a75p. ;
_c30cm.
440 _aPotraits of greatness
_949180
600 _aShakespeare, William
_915960
700 _aOrlandi, Enzo (ed.)
_949181
700 _aKanani, Mary (tr.)
_949182
942 _2lcc
_cMONOGRAPH